[Event "Bayerische Frauen EM 2014"]
[Site "Westerndorf St. Peter/Rosenheim"]
[Date "2014.08.26"]
[Round "5.3"]
[White "Homfeldt, Maren"]
[Black "Milak, Adela"]
[Result "0-1"]
[WhiteElo "1386"]
[BlackElo "1673"]
[PlyCount "96"]
[EventDate "2014.08.23"]
[WhiteTeam "SC Noris-Tarrasch Nürnberg 1873"]
[BlackTeam "SC Haar 1931"]

1. g3 Nf6 2. h3 e5 3. Bg2 d5 4. e3 Nbd7 5. d3 b6 6. b3 Bb7 7. Bb2 Bd6 8. Ne2
Rb8 9. Nd2 d4 10. Bxb7 Rxb7 11. exd4 exd4 12. Nxd4 Qe7+ 13. Qe2 Qxe2+ 14. Nxe2
O-O 15. Nc4 Be7 16. Ba3 Re8 17. Bxe7 Rxe7 18. Rd1 Nd5 19. a3 Rb8 20. Rd2 Rbe8
21. Kd1 Rxe2 22. Rxe2 Nc3+ 23. Kd2 Rxe2+ 24. Kxc3 Rxf2 25. Re1 Kf8 26. Ne5 Nxe5
27. Rxe5 Rf3 28. Rg5 h6 29. Rg4 g5 30. Rc4 c5 31. Kd2 Rxg3 32. b4 cxb4 33. axb4
Rxh3 34. b5 Rf3 35. Rc7 g4 36. Rxa7 g3 37. Ke2 g2 38. Ra1 Rg3 39. Kf2 Rg5 40.
Rb1 h5 41. c4 h4 42. Rg1 h3 43. d4 Rf5+ 44. Kg3 Rf1 45. Kh2 Ke7 46. c5 bxc5 47.
dxc5 Kd7 48. c6+ Kc7 0-1

[Event "Bayerische Frauen EM 2014"]
[Site "Westerndorf St. Peter/Rosenheim"]
[Date "2014.08.26"]
[Round "5.4"]
[White "Billing, Kerstin"]
[Black "Hastreiter, Laura"]
[Result "0-1"]
[WhiteElo "1679"]
[BlackElo "1764"]
[PlyCount "130"]
[EventDate "2014.08.23"]
[WhiteTeam "SC Schwabmünchen"]
[BlackTeam "SG Vogtareuth-Prutting"]

1. e4 e6 2. d4 d5 3. exd5 exd5 4. Be2 Bd6 5. Nf3 Nf6 6. Bg5 h6 7. Bh4 Bf5 8.
Ne5 g5 9. Bh5 Nxh5 10. Qxh5 Bxe5 11. dxe5 Bg6 12. Qe2 gxh4 13. O-O Qe7 14. Qg4
Nd7 15. f4 h5 16. Qh3 Be4 17. Nd2 O-O-O 18. Rae1 Bxg2 19. Kxg2 Rhg8+ 20. Kh1
Qb4 21. Nb3 Rg4 22. Rg1 Qxf4 23. Rgf1 Qg5 24. Qc3 Rg8 25. Qf3 Nxe5 26. Qxd5 Nc4
27. Qxg5 R4xg5 28. Rxf7 Nxb2 29. Rf4 Rg4 30. Ref1 h3 31. Rf8+ Rxf8 32. Rxf8+
Kd7 33. Rf7+ Kd6 34. Rf3 Rh4 35. Kg1 Nc4 36. Rd3+ Kc6 37. Nd4+ Kb6 38. Rb3+ Kc5
39. Ne6+ Kd6 40. Ng5 Rg4+ 41. Rg3 Rxg3+ 42. hxg3 Ke5 43. Nxh3 Kf5 44. Nf2 Ne3
45. c3 c5 46. Kh2 Nd5 47. Nd1 b5 48. Kh3 Kg5 49. a3 a5 50. Kg2 b4 51. axb4 axb4
52. c4 Nc3 53. Nb2 Kg4 54. Nd3 Ne4 55. Ne5+ Kf5 56. Nd3 b3 57. Nb2 Kg4 58. Nd3
Nxg3 59. Nf2+ Kh4 60. Nd3 Ne4 61. Kh2 Kg4 62. Ne5+ Kf4 63. Nd3+ Ke3 64. Nb2 Kd2
65. Na4 Kc2 0-1

[Event "Bayerische Frauen EM 2014"]
[Site "Westerndorf St. Peter/Rosenheim"]
[Date "2014.08.26"]
[Round "5.5"]
[White "Weiß, Monika"]
[Black "Homfeldt, Claudia Laura"]
[Result "1-0"]
[WhiteElo "1653"]
[BlackElo "1438"]
[PlyCount "61"]
[EventDate "2014.08.23"]
[WhiteTeam "SC Bavaria Regensb.1881"]
[BlackTeam "SC Noris-Tarrasch Nürnberg 1873"]

1. e4 c5 2. c3 e5 3. Bc4 Nc6 4. f4 exf4 5. Nf3 d6 6. O-O Nf6 7. d3 Be7 8. Bxf4
O-O 9. h3 a6 10. a3 b5 11. Ba2 Be6 12. Bxe6 fxe6 13. e5 Nd5 14. Bd2 dxe5 15. c4
bxc4 16. dxc4 Nc7 17. Nc3 h6 18. Qe2 Bd6 19. Qe4 Qd7 20. Nh4 Be7 21. Be3 Bxh4
22. Qxh4 Qd6 23. Ne4 Qe7 24. Qg3 Kh7 25. Bxc5 Rxf1+ 26. Rxf1 Qd7 27. Nd6 Nd4
28. Qxe5 Nb3 29. Rf7 Qxf7 30. Nxf7 Nxc5 31. Qxc7 1-0

[Event "Bayerische Frauen EM 2014"]
[Site "Westerndorf St. Peter/Rosenheim"]
[Date "2014.08.26"]
[Round "6.1"]
[White "Lorenz, Oda"]
[Black "Homfeldt, Claudia Laura"]
[Result "1-0"]
[WhiteElo "1846"]
[BlackElo "1438"]
[PlyCount "137"]
[EventDate "2014.08.23"]
[WhiteTeam "Schachges. Augsburg 1873"]
[BlackTeam "SC Noris-Tarrasch Nürnberg 1873"]

1. e4 c5 2. d4 cxd4 3. c3 d3 4. Bxd3 Nc6 5. Nf3 d6 6. Be3 Nf6 7. h3 e6 8. O-O
Be7 9. Nbd2 O-O 10. Rc1 a6 11. Bb1 h6 12. Qc2 e5 13. Rfd1 Re8 14. Nc4 Be6 15.
Ncxe5 Nxe5 16. Nxe5 Qa5 17. Nf3 Bxa2 18. Bxa2 Qxa2 19. Nd4 Qa5 20. Nf5 Qc7 21.
Bd4 Rad8 22. Qe2 Qd7 23. Qf3 Qe6 24. Re1 Qd7 25. Qg3 g6 26. Nxh6+ Kg7 27. Nf5+
Kf8 28. Qh4 Nh5 29. Nxe7 Qxe7 30. Qg4 Qe6 31. Qf3 b5 32. g4 Ng7 33. Qf4 g5 34.
Qxg5 Qg6 35. Qxg6 fxg6 36. Bxg7+ Kxg7 37. Ra1 Ra8 38. f3 g5 39. Red1 Re6 40.
Rd5 Kf6 41. Rad1 Rd8 42. Kf2 Rd7 43. Rf5+ Kg6 44. e5 a5 45. Kg3 b4 46. cxb4
axb4 47. f4 gxf4+ 48. Kf3 d5 49. Kxf4 b3 50. h4 d4 51. h5+ Kh6 52. Rd3 Re8 53.
Rf6+ Kg7 54. g5 Rde7 55. Rf5 Rf8 56. Rxd4 Rxf5+ 57. Kxf5 Rf7+ 58. Ke4 Rf2 59.
Rb4 Rxb2 60. Rb7+ Kf8 61. h6 Kg8 62. g6 Re2+ 63. Kf5 Kf8 64. Rxb3 Ke8 65. Ke6
Kd8 66. h7 Kc7 67. h8=Q Rd2 68. Qb8+ Kc6 69. Qc8# 1-0

[Event "Bayerische Frauen EM 2014"]
[Site "Westerndorf St. Peter/Rosenheim"]
[Date "2014.08.26"]
[Round "6.2"]
[White "Hastreiter, Laura"]
[Black "Weiß, Monika"]
[Result "1-0"]
[WhiteElo "1764"]
[BlackElo "1653"]
[PlyCount "83"]
[EventDate "2014.08.23"]
[WhiteTeam "SG Vogtareuth-Prutting"]
[BlackTeam "SC Bavaria Regensb.1881"]

1. e4 d6 2. d4 Nf6 3. Nc3 g6 4. Be2 h5 5. h3 Bg7 6. Be3 c6 7. Qd2 Qc7 8. f4 b5
9. a3 a5 10. e5 Nd5 11. Nxd5 cxd5 12. Bxb5+ Bd7 13. Bxd7+ Nxd7 14. Ne2 dxe5 15.
fxe5 e6 16. O-O O-O 17. a4 f6 18. exf6 Rxf6 19. Rxf6 Nxf6 20. Nf4 Qf7 21. Rf1
Kh7 22. Nd3 Qd7 23. Ne5 Qxa4 24. Qd3 Ne4 25. b3 Qe8 26. Rf7 a4 27. bxa4 Qxa4
28. Re7 Qa6 29. Kh2 Ra7 30. Rxa7 Qxa7 31. Bf4 Bh6 32. Bxh6 Kxh6 33. Qe3+ Kh7
34. Qf4 Qg7 35. h4 Qf6 36. Qxf6 Nxf6 37. Kg3 Ne4+ 38. Kf4 Kg7 39. c4 Nd2 40. c5
Nc4 41. Nxc4 dxc4 42. c6 1-0

[Event "Bayerische Frauen EM 2014"]
[Site "Westerndorf St. Peter/Rosenheim"]
[Date "2014.08.26"]
[Round "6.3"]
[White "Milak, Adela"]
[Black "Billing, Kerstin"]
[Result "1-0"]
[WhiteElo "1673"]
[BlackElo "1679"]
[PlyCount "120"]
[EventDate "2014.08.23"]
[WhiteTeam "SC Haar 1931"]
[BlackTeam "SC Schwabmünchen"]

1. Nf3 e6 2. e3 Be7 3. Nc3 d5 4. d4 Nf6 5. Bd3 O-O 6. O-O c5 7. b3 a6 8. a4 Nc6
9. Bb2 Qd6 10. dxc5 Qxc5 11. Ne2 Qb6 12. Nf4 Qc7 13. c4 Rd8 14. Qc1 dxc4 15.
Bxc4 e5 16. Nxe5 Kf8 17. Bxf7 Bd6 18. Be6 Bxe5 19. Bxc8 Bxf4 20. Bxb7 Bxh2+ 21.
Kh1 Qxb7 22. Kxh2 Rac8 23. Qc5+ Ke8 24. Ba3 Qf7 25. Kg1 Rd5 26. Qb6 Rd2 27.
Rac1 Nd7 28. Qxa6 Rb8 29. Rxc6 Qd5 30. Re6+ Kf7 31. Re7+ Kg8 32. Qe6+ Qxe6 33.
Rxe6 Rxb3 34. Rd6 Rxd6 35. Bxd6 Rd3 36. Bc7 Rc3 37. Bf4 Ra3 38. Rd1 Nb6 39. Rd6
Nxa4 40. Ra6 Ra2 41. Ra8+ Kf7 42. Ra7+ Kf6 43. Ra5 Kf7 44. Be5 g6 45. Bd4 Kg8
46. e4 Kf7 47. e5 Ke6 48. f4 Kf5 49. Ra7 h5 50. Rd7 Rd2 51. Rd6 Kxf4 52. Be3+
Kxe3 53. Rxd2 Nb6 54. e6 Nc8 55. Rd7 Kf4 56. e7 Nxe7 57. Rxe7 Kg4 58. Kf2 h4
59. Re4+ Kh5 60. Kf3 g5 1-0

[Event "Bayerische Frauen EM 2014"]
[Site "Westerndorf St. Peter/Rosenheim"]
[Date "2014.08.26"]
[Round "6.4"]
[White "Zwetz, Anita"]
[Black "Homfeldt, Maren"]
[Result "1-0"]
[WhiteElo "1924"]
[BlackElo "1386"]
[PlyCount "55"]
[EventDate "2014.08.23"]
[WhiteTeam "TSV Kareth-Lappersdorf"]
[BlackTeam "SC Noris-Tarrasch Nürnberg 1873"]

1. d4 b6 2. e4 Bb7 3. Bd3 d6 4. Nf3 h6 5. Qe2 e6 6. Bf4 Nd7 7. Nbd2 Ne7 8. h3
g6 9. c3 Bg7 10. g4 e5 11. dxe5 Nxe5 12. Nxe5 Bxe5 13. Bxe5 dxe5 14. O-O-O a6
15. Nc4 Nc6 16. Ne3 Qg5 17. Bc2 Rd8 18. Rxd8+ Nxd8 19. Kb1 Kd7 20. Rd1+ Kc8 21.
Qd3 Ne6 22. Qd7+ Kb8 23. Qxf7 Nf4 24. Rd7 Rc8 25. Nc4 Qh4 26. Nxb6 cxb6 27.
Rxb7+ Ka8 28. Ra7+ 1-0

[Event "Bayerische Frauen EM 2014"]
[Site "Westerndorf St. Peter/Rosenheim"]
[Date "2014.08.26"]
[Round "6.5"]
[White "Müller, Lilianne"]
[Black "Stegmaier, Erika"]
[Result "1/2-1/2"]
[WhiteElo "1698"]
[BlackElo "1565"]
[PlyCount "37"]
[EventDate "2014.08.23"]
[WhiteTeam "MSA Zugzwang 82 e.V."]
[BlackTeam "1.Schachklub Neuperlach e.V."]

1. d4 d5 2. Nf3 e6 3. c4 Nf6 4. Nc3 a6 5. e3 Nbd7 6. cxd5 exd5 7. Bd3 Be7 8.
O-O O-O 9. Qc2 h6 10. e4 dxe4 11. Nxe4 Nxe4 12. Bxe4 Nf6 13. Bd3 Bd6 14. h3 Re8
15. Bd2 Bd7 16. Rfe1 Bc6 17. Ne5 Bd5 18. Bc3 c6 19. b3 1/2-1/2

[Event "Bayerische Frauen EM 2014"]
[Site "Westerndorf St. Peter/Rosenheim"]
[Date "2014.08.27"]
[Round "7.1"]
[White "Stegmaier, Erika"]
[Black "Lorenz, Oda"]
[Result "1-0"]
[WhiteElo "1565"]
[BlackElo "1846"]
[PlyCount "105"]
[EventDate "2014.08.23"]
[WhiteTeam "1.Schachklub Neuperlach e.V."]
[BlackTeam "Schachges. Augsburg 1873"]

1. c4 Nf6 2. g3 c5 3. Bg2 Nc6 4. e3 g6 5. Nc3 Bg7 6. Nge2 d6 7. O-O O-O 8. d4
Bg4 9. Qc2 Rc8 10. a3 cxd4 11. Nxd4 Ne5 12. b3 Rb8 13. h3 Bd7 14. Bb2 Nc6 15.
Nce2 a6 16. Rac1 e5 17. Nxc6 bxc6 18. b4 Qb6 19. c5 Qb5 20. cxd6 Nd5 21. Nc3
Qb7 22. Nxd5 cxd5 23. Qd2 e4 24. Bxg7 Kxg7 25. Rc7 Qb5 26. Rfc1 Rfd8 27. Qd4+
Kg8 28. Qf6 Be6 29. h4 Qe8 30. Re7 Qf8 31. Qf4 Rbc8 32. Rxc8 Rxc8 33. Rc7 Rd8
34. Rc6 Ra8 35. Bf1 a5 36. b5 Bd7 37. Rc7 Rd8 38. a4 Be6 39. Rc6 Rc8 40. Qe5
Qe8 41. Qc3 h5 42. Rxc8 Bxc8 43. Qxa5 Qe6 44. Qc7 Kf8 45. b6 d4 46. b7 Bxb7 47.
Qxb7 Qxd6 48. Qxe4 dxe3 49. Qxe3 Kg7 50. a5 Qd5 51. a6 Qa5 52. a7 f6 53. Qe7+
1-0

[Event "Bayerische Frauen EM 2014"]
[Site "Westerndorf St. Peter/Rosenheim"]
[Date "2014.08.27"]
[Round "7.2"]
[White "Homfeldt, Maren"]
[Black "Müller, Lilianne"]
[Result "0-1"]
[WhiteElo "1386"]
[BlackElo "1698"]
[PlyCount "38"]
[EventDate "2014.08.23"]
[WhiteTeam "SC Noris-Tarrasch Nürnberg 1873"]
[BlackTeam "MSA Zugzwang 82 e.V."]

1. g3 d5 2. Bg2 Nf6 3. h3 c5 4. b3 Nc6 5. a3 e5 6. d3 Be7 7. Bb2 O-O 8. Nd2 Qc7
9. e3 b6 10. Ne2 Bb7 11. O-O Rad8 12. Rc1 Qc8 13. Nf3 d4 14. Ng5 h6 15. Ne4
Nxe4 16. Bxe4 Qxh3 17. Bg2 Qd7 18. Kh2 Bc8 19. Bh3 Qxh3+ 0-1

[Event "Bayerische Frauen EM 2014"]
[Site "Westerndorf St. Peter/Rosenheim"]
[Date "2014.08.27"]
[Round "7.3"]
[White "Billing, Kerstin"]
[Black "Zwetz, Anita"]
[Result "1-0"]
[WhiteElo "1679"]
[BlackElo "1924"]
[PlyCount "79"]
[EventDate "2014.08.23"]
[WhiteTeam "SC Schwabmünchen"]
[BlackTeam "TSV Kareth-Lappersdorf"]

1. e4 e6 2. d4 d5 3. exd5 exd5 4. Be2 Bd6 5. Nf3 Nf6 6. Bg5 h6 7. Bh4 Bg4 8.
Ne5 Bxe2 9. Qxe2 O-O 10. O-O c6 11. f4 Re8 12. Qf3 Be7 13. Nd2 Nbd7 14. c3 Nf8
15. Rae1 Qd6 16. Bg3 Qc7 17. Bh4 N8h7 18. Bg3 Bd6 19. h4 Re7 20. h5 Rae8 21.
Bh4 c5 22. Nb3 c4 23. Nc1 b5 24. g4 Re6 25. Qg2 Kh8 26. Kh1 Bxe5 27. fxe5 Ne4
28. Re3 Qd7 29. Ref3 Nhg5 30. Bxg5 Nxg5 31. Rf5 a5 32. Ne2 R6e7 33. Nf4 Ne4 34.
Qh3 Kg8 35. Qg2 Qb7 36. Nh3 f6 37. Nf4 fxe5 38. Ng6 Rc7 39. Rf8+ Rxf8 40. Rxf8+
1-0

[Event "Bayerische Frauen EM 2014"]
[Site "Westerndorf St. Peter/Rosenheim"]
[Date "2014.08.27"]
[Round "7.4"]
[White "Weiß, Monika"]
[Black "Milak, Adela"]
[Result "0-1"]
[WhiteElo "1653"]
[BlackElo "1673"]
[PlyCount "120"]
[EventDate "2014.08.23"]
[WhiteTeam "SC Bavaria Regensb.1881"]
[BlackTeam "SC Haar 1931"]

1. e4 e5 2. f4 d5 3. exd5 Qxd5 4. Nc3 Qe6 5. fxe5 Qxe5+ 6. Qe2 Bd6 7. Nf3 Qxe2+
8. Bxe2 Nc6 9. Ne4 Be7 10. c3 f5 11. Nf2 g5 12. d4 f4 13. O-O Bd7 14. Ne4 h6
15. h3 Nf6 16. Nxf6+ Bxf6 17. Bd2 O-O-O 18. Nh2 h5 19. h4 g4 20. Bxf4 Bxh4 21.
g3 Bf6 22. Rae1 Rdf8 23. Bd3 h4 24. gxh4 Bxh4 25. Re3 Ne7 26. c4 Nc6 27. d5 Nb4
28. Bb1 b5 29. b3 Na6 30. Bg3 Bg5 31. Rxf8+ Rxf8 32. Re2 Nc5 33. Bg6 Bf6 34.
Kg2 bxc4 35. bxc4 Na4 36. Rf2 Be7 37. Rxf8+ Bxf8 38. Be5 Bd6 39. Bxd6 cxd6 40.
Kg3 Nc3 41. a3 Ne2+ 42. Kf2 g3+ 43. Kxe2 gxh2 44. Be4 Kb7 45. Kf2 Kb6 46. Kg2
Ka5 47. Bc2 Kb6 48. Kxh2 Kc5 49. Bd3 Kd4 50. Bf1 Bc8 51. Kg2 Ba6 52. c5 Bxf1+
53. Kxf1 Kxc5 54. Ke2 Kxd5 55. Kd3 Kc5 56. Kc3 Kb5 57. Kd4 Ka4 58. Kd5 Kxa3 59.
Kxd6 a5 60. Kc5 Kb3 0-1

[Event "Bayerische Frauen EM 2014"]
[Site "Westerndorf St. Peter/Rosenheim"]
[Date "2014.08.27"]
[Round "7.5"]
[White "Homfeldt, Claudia Laura"]
[Black "Hastreiter, Laura"]
[Result "0-1"]
[WhiteElo "1438"]
[BlackElo "1764"]
[PlyCount "66"]
[EventDate "2014.08.23"]
[WhiteTeam "SC Noris-Tarrasch Nürnberg 1873"]
[BlackTeam "SG Vogtareuth-Prutting"]

1. e4 c6 2. Nc3 d5 3. exd5 cxd5 4. Bb5+ Nc6 5. Nf3 a6 6. Ba4 b5 7. Bb3 Nf6 8.
O-O Bg4 9. h3 Bh5 10. d4 e6 11. a3 Be7 12. Qd3 Bg6 13. Qd1 O-O 14. Be3 Na5 15.
Ba2 Nc4 16. Bxc4 bxc4 17. b3 cxb3 18. cxb3 Qb6 19. Na4 Qb5 20. Nc3 Qb7 21. Nh4
Bh5 22. Qc2 Rfc8 23. f3 Nd7 24. Qd3 Bxh4 25. f4 Bg6 26. Qd2 Qxb3 27. Rfc1 Be7
28. Nb1 Rxc1+ 29. Qxc1 Rb8 30. Nc3 Qb2 31. Qe1 Bxa3 32. Ra2 Qb3 33. Qa1 Bb2 0-1

[Event "Bayerische Frauen EM 2014"]
[Site "Westerndorf St. Peter/Rosenheim"]
[Date "2014.08.28"]
[Round "8.1"]
[White "Lorenz, Oda"]
[Black "Hastreiter, Laura"]
[Result "0-1"]
[WhiteElo "1846"]
[BlackElo "1764"]
[PlyCount "130"]
[EventDate "2014.08.23"]
[WhiteTeam "Schachges. Augsburg 1873"]
[BlackTeam "SG Vogtareuth-Prutting"]

1. e4 e6 2. d4 d5 3. exd5 exd5 4. c4 Nf6 5. Nc3 Bb4 6. Nf3 O-O 7. Be2 Bg4 8.
O-O dxc4 9. Bxc4 Nc6 10. Be3 b6 11. Be2 Nd5 12. Nxd5 Qxd5 13. Rc1 Bd6 14. h3
Bh5 15. g4 Bg6 16. a3 Ne7 17. Nh4 Rad8 18. Nxg6 Nxg6 19. Bc4 Qe4 20. Qe2 Nf4
21. Bxf4 Qxf4 22. f3 Qxd4+ 23. Qf2 Bc5 24. Qxd4 Bxd4+ 25. Kg2 Bxb2 26. Rc2 Bxa3
27. Ra2 Bc5 28. Rxa7 Rd2+ 29. Kh1 Bd6 30. Ra2 Rxa2 31. Bxa2 Ra8 32. Bd5 Ra5 33.
Rd1 Rb5 34. Be4 Rb2 35. Kg1 g6 36. h4 Kg7 37. Rd5 Ra2 38. h5 Ra5 39. hxg6 Rxd5
40. Bxd5 hxg6 41. Bc6 g5 42. Kf2 Kf6 43. Ke3 Ke5 44. Kd3 Bc5 45. Bb5 Kd6 46.
Ke4 f6 47. f4 c6 48. Bd3 Ba3 49. fxg5 fxg5 50. Kd4 b5 51. Kc3 Kd5 52. Bf5 b4+
53. Kc2 c5 54. Bg6 c4 55. Bf7+ Kd4 56. Be6 b3+ 57. Kb1 Bd6 58. Kb2 Be5 59. Kb1
Kd3 60. Bf5+ Kc3 61. Be6 Kb4 62. Bd5 c3 63. Be4 c2+ 64. Bxc2 bxc2+ 65. Kxc2 Kc4
0-1

[Event "Bayerische Frauen EM 2014"]
[Site "Westerndorf St. Peter/Rosenheim"]
[Date "2014.08.28"]
[Round "8.2"]
[White "Milak, Adela"]
[Black "Homfeldt, Claudia Laura"]
[Result "1-0"]
[WhiteElo "1673"]
[BlackElo "1438"]
[PlyCount "29"]
[EventDate "2014.08.23"]
[WhiteTeam "SC Haar 1931"]
[BlackTeam "SC Noris-Tarrasch Nürnberg 1873"]

1. e4 c5 2. Nf3 Nc6 3. d4 cxd4 4. Nxd4 e5 5. Nb3 Nf6 6. Nc3 a6 7. a3 Be7 8. Bd3
O-O 9. O-O d6 10. a4 a5 11. h3 h6 12. Be3 d5 13. exd5 Nxd5 14. Nxd5 Qxd5 15.
Bh7+ 1-0

[Event "Bayerische Frauen EM 2014"]
[Site "Westerndorf St. Peter/Rosenheim"]
[Date "2014.08.28"]
[Round "8.4"]
[White "Müller, Lilianne"]
[Black "Billing, Kerstin"]
[Result "1-0"]
[WhiteElo "1698"]
[BlackElo "1679"]
[PlyCount "49"]
[EventDate "2014.08.23"]
[WhiteTeam "MSA Zugzwang 82 e.V."]
[BlackTeam "SC Schwabmünchen"]

1. d4 d5 2. Nf3 c6 3. c4 Nf6 4. Nc3 Bf5 5. cxd5 Nxd5 6. e3 e6 7. Be2 Bb4 8. Bd2
Qa5 9. Nxd5 Bxd2+ 10. Qxd2 Qxd2+ 11. Nxd2 exd5 12. Rc1 Nd7 13. O-O O-O 14. Rc3
Rfe8 15. Rfc1 Nf6 16. h3 Ne4 17. Nxe4 Rxe4 18. Bd3 Rae8 19. Bxe4 Bxe4 20. Rb3
Re7 21. Rxc6 Bf5 22. Rd6 Re8 23. Rxb7 Be6 24. Rxa7 h6 25. Rda6 1-0

[Event "Bayerische Frauen EM 2014"]
[Site "Westerndorf St. Peter/Rosenheim"]
[Date "2014.08.28"]
[Round "8.5"]
[White "Stegmaier, Erika"]
[Black "Homfeldt, Maren"]
[Result "1-0"]
[WhiteElo "1565"]
[BlackElo "1386"]
[PlyCount "99"]
[EventDate "2014.08.23"]
[WhiteTeam "1.Schachklub Neuperlach e.V."]
[BlackTeam "SC Noris-Tarrasch Nürnberg 1873"]

1. c4 g6 2. g3 Bg7 3. Bg2 e6 4. Nc3 a6 5. e3 Ne7 6. Nge2 d6 7. d4 Nd7 8. O-O c6
9. a3 b6 10. Bd2 Bb7 11. Ne4 Nf6 12. N2c3 h6 13. Nxf6+ Bxf6 14. Ne4 Bg7 15. Rb1
O-O 16. Bb4 Nc8 17. Qc2 Kh8 18. Bc3 d5 19. cxd5 Qxd5 20. Nc5 Qf5 21. Qxf5 exf5
22. Nxb7 Ne7 23. Nd6 Rad8 24. Nc4 Rb8 25. Rbc1 Rfd8 26. Bb4 Nd5 27. Bxd5 cxd5
28. Nd2 a5 29. Bc3 b5 30. Bxa5 Rdc8 31. Nb3 Rc4 32. Nc5 Rxc1 33. Rxc1 Rc8 34.
b4 g5 35. Nd3 Rxc1+ 36. Nxc1 h5 37. Nd3 Kh7 38. Bd8 f6 39. Nc5 Kg6 40. Ne6 h4
41. gxh4 Bh6 42. Nc7 g4 43. Nxb5 f4 44. exf4 Bxf4 45. Bc7 Bxc7 46. Nxc7 Kh5 47.
b5 Kxh4 48. b6 f5 49. b7 f4 50. b8=Q 1-0

[Event "Bayerische Frauen EM 2014"]
[Site "Westerndorf St. Peter/Rosenheim"]
[Date "2014.08.29"]
[Round "9.1"]
[White "Homfeldt, Maren"]
[Black "Lorenz, Oda"]
[Result "0-1"]
[WhiteElo "1386"]
[BlackElo "1846"]
[PlyCount "54"]
[EventDate "2014.08.23"]
[WhiteTeam "SC Noris-Tarrasch Nürnberg 1873"]
[BlackTeam "Schachges. Augsburg 1873"]

1. g3 Nf6 2. h3 e5 3. Bg2 d5 4. e3 Bb4 5. a3 Ba5 6. Ne2 c6 7. O-O O-O 8. d3
Nbd7 9. b3 Re8 10. Nd2 Nf8 11. Bb2 Ng6 12. Bc3 Bc7 13. Bb2 Be6 14. Kh2 Qd6 15.
f4 exf4 16. exf4 Bf5 17. Be5 Nxe5 18. Rf2 Neg4+ 19. hxg4 Nxg4+ 20. Kg1 Nxf2 21.
Kxf2 Bb6+ 22. d4 Qe6 23. Nf3 Qe3+ 24. Kf1 Bg4 25. Ne5 Bxe2+ 26. Qxe2 Qxd4 27.
Re1 Qg1# 0-1

[Event "Bayerische Frauen EM 2014"]
[Site "Westerndorf St. Peter/Rosenheim"]
[Date "2014.08.29"]
[Round "9.2"]
[White "Billing, Kerstin"]
[Black "Stegmaier, Erika"]
[Result "1/2-1/2"]
[WhiteElo "1679"]
[BlackElo "1565"]
[PlyCount "76"]
[EventDate "2014.08.23"]
[WhiteTeam "SC Schwabmünchen"]
[BlackTeam "1.Schachklub Neuperlach e.V."]

1. e4 c5 2. Nc3 e6 3. d3 Nc6 4. Nf3 a6 5. Be3 d6 6. Be2 Nf6 7. h3 Be7 8. O-O
O-O 9. a3 Qc7 10. Qd2 d5 11. exd5 exd5 12. Bf4 Bd6 13. Bxd6 Qxd6 14. Nh2 Nd4
15. g4 Re8 16. Rae1 h6 17. Bf3 Nxf3+ 18. Nxf3 Bd7 19. Rxe8+ Rxe8 20. Re1 Rxe1+
21. Qxe1 Qf4 22. Nh2 Bc6 23. Ne2 Qe5 24. c3 d4 25. c4 b5 26. b3 h5 27. Qf1 h4
28. Qd1 Nh5 29. gxh5 Qg5+ 30. Ng4 Bf3 31. Kf1 Bxg4 32. hxg4 Qxg4 33. Ke1 h3 34.
Ng3 Qf4 35. Kf1 Qh4 36. Qf3 Qg5 37. Qa8+ Kh7 38. Qe4+ Kg8 1/2-1/2

[Event "Bayerische Frauen EM 2014"]
[Site "Westerndorf St. Peter/Rosenheim"]
[Date "2014.08.29"]
[Round "9.4"]
[White "Homfeldt, Claudia Laura"]
[Black "Zwetz, Anita"]
[Result "1-0"]
[WhiteElo "1438"]
[BlackElo "1924"]
[PlyCount "125"]
[EventDate "2014.08.23"]
[WhiteTeam "SC Noris-Tarrasch Nürnberg 1873"]
[BlackTeam "TSV Kareth-Lappersdorf"]

1. e4 e6 2. Qe2 Be7 3. Nc3 d5 4. exd5 exd5 5. d4 Nf6 6. Nf3 O-O 7. h3 b6 8. Qd1
Re8 9. Be2 Ba6 10. O-O Bxe2 11. Nxe2 Nbd7 12. Nf4 c6 13. Nh4 Bf8 14. c3 g6 15.
b3 Bg7 16. c4 dxc4 17. bxc4 Ne4 18. Nf3 c5 19. Bb2 Rc8 20. Rc1 cxd4 21. Bxd4
Ndc5 22. Re1 Ng5 23. Rxe8+ Qxe8 24. Nxg5 Bh6 25. h4 Bxg5 26. hxg5 Ne4 27. Nd5
Qe6 28. Bf6 Nxf6 29. Nxf6+ Kf8 30. Qd7 Qxd7 31. Nxd7+ Kg7 32. a4 Rc7 33. Ne5
Rc5 34. f4 Ra5 35. Ra1 a6 36. Nc6 Rc5 37. Ne5 Rc7 38. Kf2 f6 39. gxf6+ Kxf6 40.
Kf3 g5 41. g3 h5 42. Rc1 b5 43. axb5 axb5 44. Ke4 bxc4 45. Rxc4 Rxc4+ 46. Nxc4
h4 47. gxh4 gxh4 48. Ne3 Kg6 49. Kf3 Kh5 50. Kg2 Kh6 51. Kh3 Kh5 52. f5 Kg5 53.
Kh2 Kf6 54. Kg2 Kg5 55. Kh3 Kh5 56. f6 Kg6 57. Nd5 Kf7 58. Kxh4 Ke6 59. Kg5 Kf7
60. Kf5 Kf8 61. Ke6 Ke8 62. f7+ Kf8 63. Nc7 1-0

[Event "Bayerische Frauen EM 2014"]
[Site "Westerndorf St. Peter/Rosenheim"]
[Date "2014.08.29"]
[Round "9.5"]
[White "Hastreiter, Laura"]
[Black "Milak, Adela"]
[Result "1-0"]
[WhiteElo "1764"]
[BlackElo "1673"]
[PlyCount "37"]
[EventDate "2014.08.23"]
[WhiteTeam "SG Vogtareuth-Prutting"]
[BlackTeam "SC Haar 1931"]

1. d4 f5 2. Nf3 e6 3. c4 Nf6 4. Nc3 d6 5. Qc2 b6 6. e4 fxe4 7. Nxe4 Bb7 8. Bd3
Nbd7 9. Bg5 Be7 10. O-O-O a5 11. Rhe1 Qc8 12. Nxf6+ gxf6 13. Bh6 Kf7 14. Qe2 e5
15. dxe5 Nxe5 16. Nxe5+ dxe5 17. Qh5+ Kg8 18. Bf5 Qxf5 19. Qxf5 1-0